000 00936nam a2200289 i 4500
001 79917
003 ES-MaACL
005 20230906174100.0
007 t|
008 041025s1984 sp a |||| | spa d
020 _a84-206-6202-X
080 _a52(084.4)
100 1 _aHerrmann, Joachim.
_963374
245 1 3 _aAtlas de astronomía /
_cJoachim Herrmann ; ilustraciones de Harald y Ruth Bukor ; versión española de Miguel Paredes Larrucea.
250 _a1ª ed. en "Alianza atlas".
260 _aMadrid :
_bAlianza Editorial,
_c1984.
300 _a289 p. :
_bil. col. ;
_c20 cm.
490 1 _aAlianza atlas ;
_v2
504 _aBibliografía: p. [282]-284.
650 _aAstronomía-
_vAtlas.
_910387
700 1 _aBukor, Harald.
_932487
700 1 _aBukor, Ruth.
_932488
700 1 _aParedes Larrucea, Miguel.
_989050
830 1 _aAlianza atlas ;
_v2
_9179317
852 _aES-MaACL
_jL-6916
999 _c79917
_d79917